| 000 | 00491nam a22001817a 4500 | ||
|---|---|---|---|
| 005 | 20140606114429.0 | ||
| 010 | _aENG-109907 | ||
| 020 |
_a9789380658650 _c695.00 |
||
| 035 | _aEN-93440 | ||
| 037 | _bDBAD/PUB | ||
| 082 | _aN | ||
| 100 | _aShehryar Fazli | ||
| 245 |
_aInvitation / _cby Shehryar Fazli |
||
| 260 |
_aChennai _bTranquebar Press _c2013 |
||
| 270 |
_aVenkat Towers,165, P.H. Road, Maduravoyal _bChennai _e600095 |
||
| 300 |
_a385p.. _c23cm(Hb) |
||
| 942 |
_2ddc _cEN _mFAZ _hN |
||
| 999 |
_c84917 _d84917 |
||